Statistics for Countries with an 'F' in their name:

Click here to take the quiz!

General Stats

  • This quiz has been taken 73 times
  • The average score is 6 of 7

Answer Stats

HintAnswer% Correct
AAfghanistan
96%
France
94%
FFiji
93%
Finland
86%
BBurkina Faso
75%
SSouth Africa
74%
CCentral African Republic
61%

Score Distribution

Percentile by Number Answered

Percent of People with Each Score

Your Score History

You have not taken this quiz